| 000 | 00459nam a2200181Ia 4500 | ||
|---|---|---|---|
| 001 | 1970 | ||
| 005 | 20260306143808.0 | ||
| 008 | 260306t1993||||xx |||||||||||||| ||spa|| | ||
| 041 | _aESP | ||
| 082 |
_a158.7 _bP63 |
||
| 100 |
_aPithod, Abelardo F. _eAUT |
||
| 245 | 0 |
_aComportamiento organizacional: _bpsicologĂa de las organizaciones |
|
| 260 | _c1993 | ||
| 300 |
_a253 páginas : _c21 cm. |
||
| 650 | _aGEN | ||
| 654 | _aCPS | ||
| 942 |
_cLIB _dJUS _fJUS _2ddc _n |
||
| 999 |
_c1970 _d1970 |
||